000 00552nam a2200229Ia 4500
003 OSt
005 20220624145845.0
008 210210b2017 xxu||||| |||| 00| 0 eng d
020 _a9789386235251
040 _cAL
041 _aeng
082 _a576 ANAT
100 _aANANTHANARAYAN (R)
_945030
245 _aTextbook of microbiology
250 _a10
260 _aHyderabad
_bUniversities Press
_c2017
300 _ax,716
690 _aMicrobiology
_945031
700 _aPANIKER (C K Jayaram)
_945032
906 _a072156
942 _2ddc
_cBK
999 _c122031
_d122031